| 000 | 00531nam a2200205Ia 4500 | ||
|---|---|---|---|
| 005 | 20250326141933.0 | ||
| 008 | 250326s9999 xx 000 0 und d | ||
| 020 | _a0-07-100186-7 | ||
| 037 | _aTextbook | ||
| 040 |
_aFMSL _beng _cFMSL |
||
| 041 |
_aeng _2eng |
||
| 084 |
_aX:72 M7 _qFMSL |
||
| 100 | _aDornbusch R | ||
| 245 | 0 |
_aMacroeconomics _cDornbusch R; Fischer S |
|
| 250 | _a4 | ||
| 260 |
_aNew York _bNew York, McGraw-Hill _c1987 |
||
| 300 | _a798p | ||
| 942 |
_cTB _hX:72 M7 |
||
| 999 |
_c1292689 _d1292689 |
||